Sports Quiz

Random Sports or NHL Quiz

Pro Teams (1960s) Quiz Stats

 Plays Quiz Updated Nov 16, 2018

Support Sporcle.
Go Orange.
Score 0/87 Timer 10:00
5 Plays Today
League Team % Correct
MLBCincinnati Reds
92.7%
MLBNew York Yankees
92.7%
MLBBoston Red Sox
91.5%
NFLNew York Giants
90.4%
MLBSan Francisco Giants
90.3%
MLBChicago White Sox
88.1%
NBALos Angeles Lakers
87.6%
AFLNew York Titans & Jets
85.4%
NHLNew York Rangers
84.5%
NBABoston Celtics
83.7%
MLBSt. Louis Cardinals
83.6%
NFLSt. Louis Cardinals
83.6%
MLBLos Angeles Dodgers
82.6%
MLBChicago Cubs
81.9%
NHLChicago Black Hawks
81.5%
MLBNew York Mets
80.5%
MLBKansas City & Oakland Athletics
80.4%
NFLGreen Bay Packers
80.2%
MLBMinnesota Twins
79.9%
NFLDallas Cowboys
78.8%
NFLChicago Bears
78.4%
NFLBaltimore Colts
78.4%
MLBMilwaukee & Atlanta Braves
77.8%
NHLDetroit Red Wings
77.1%
NBASyracuse Nationals & Philadelphia 76ers
76.9%
NFLCleveland Browns
76.5%
AFLHouston Oilers
76%
AFLDallas Texans & Kansas City Chiefs
75%
AFLOakland Raiders
74.6%
League Team % Correct
NHLBoston Bruins
74.4%
AFLBoston Patriots
74.3%
NFLPittsburgh Steelers
74.1%
NBANew York Knicks
74%
MLBDetroit Tigers
73%
MLBPhiladelphia Phillies
72.9%
NFLDetroit Lions
72.9%
NHLMontreal Canadiens
72.7%
NHLToronto Maple Leafs
72.7%
NBAChicago Bulls
72.6%
MLBPittsburgh Pirates
72.4%
NFLPhiladelphia Eagles
72.1%
NFLLos Angeles Rams
71.1%
AFLMiami Dolphins
70.6%
NFLMinnesota Vikings
70.3%
MLBBaltimore Orioles
70.1%
MLBKansas City Royals
69.5%
NBACincinnati Royals
69.2%
MLBCleveland Indians
69%
NFLSan Francisco 49ers
68.4%
NFLWashington Redskins
67.9%
MLBHouston Colt .45s & Astros
67.3%
ABANew Jersey Nets & Americans
65.6%
MLBWashington Senators
65.4%
NHLLos Angeles Kings
65.4%
AFLCincinnati Bengals
64.6%
AFLLos Angeles & San Diego Chargers
64.5%
AFLDenver Broncos
64.3%
NHLPhiladelphia Flyers
63.1%
League Team % Correct
AFLBuffalo Bills
62.5%
MLBLos Angeles Angels
62.3%
NFLNew Orleans Saints
61.6%
MLBSan Diego Padres
60.4%
NHLPittsburgh Penguins
59.8%
NFLAtlanta Falcons
59.3%
NBADetroit Pistons
59%
NBASt. Louis & Atlanta Hawks
56.7%
NHLMinnesota North Stars
54.9%
NBAPhiladelphia & San Francisco Warriors
51.9%
MLBMontreal Expos
51.2%
NBASan Diego Rockets
51.1%
ABADenver Rockets
51%
NHLSt. Louis Blues
50.9%
NBAChicago Zephyrs & Baltimore Bullets
50.4%
ABAIndiana Pacers
49.8%
NBAMilwaukee Bucks
48.9%
NBASeattle SuperSonics
46.8%
ABAHouston Mavericks
42.6%
NBAPhoenix Suns
40.4%
MLBSeattle Pilots
31.8%
ABANew Orleans Buccaneers
28.6%
ABAOakland Oaks
19.1%
NHLOakland Seals
18.4%
ABAKentucky Colonels
15.9%
ABAAnaheim Amigos/Los Angeles Stars
9%
ABAPittsburgh Pipers & Minnesota Pipers
6.6%
ABAMinnesota Muskies & Miami Floridians
6.2%
ABADallas Chaparrals
5.5%

From the Vault

Find the Dalí Paintings

by timmylemoine1

History 3m
Surrealist art is an adventure, enjoy the existential dread.
Remove Ads.
Support Sporcle.
Get the best of Sporcle when you Go Orange. This ad-free experience offers more features, more stats, and more fun while also helping to support Sporcle. Thank you for becoming a member.

Show Comments

Extras

Top Quizzes Today


Score Distribution

Your Account Isn't Verified!

In order to create a playlist on Sporcle, you need to verify the email address you used during registration. Go to your Sporcle Settings to finish the process.

Report this User

Report this user for behavior that violates our Community Guidelines.

Details: